Catálogo

Gestión y marketing en la realidad latinoamericana : (Registro nro. 65835)

Detalles MARC
000 -LEADER
fixed length control field 00865nam a2200253 u 4500
001 - CONTROL NUMBER
control field 65835
005 - DATE AND TIME OF LATEST TRANSACTION
control field 20180714073339.0
008 - FIXED-LENGTH DATA ELEMENTS--GENERAL INFORMATION
fixed length control field 160713s2015 sp r 000 0 spa d
020 ## - INTERNATIONAL STANDARD BOOK NUMBER
International Standard Book Number 9783659097348
041 ## - LANGUAGE CODE
Language code of text/sound track or separate title spa
082 0# - DEWEY DECIMAL CLASSIFICATION NUMBER
Classification number 658.802
Item number PIZ
100 1# - MAIN ENTRY--PERSONAL NAME
Personal name Kassouf Pizzinatto, Nadia,
Relator term autor
245 10 - TITLE STATEMENT
Title Gestión y marketing en la realidad latinoamericana :
Remainder of title estudios setoriales /
Statement of responsibility, etc. Nadia Kassouf Pizzinatto, Andrea K. Pizzinatto.
250 ## - EDITION STATEMENT
Edition statement [Primera edición]
264 #1 - PRODUCTION, PUBLICATION, DISTRIBUTION, MANUFACTURE, AND COPYRIGHT NOTICE
Place of production, publication, distribution, manufacture España :
Name of producer, publisher, distributor, manufacturer Editorial Académica Española,
Date of production, publication, distribution, manufacture, or copyright notice 2015
300 ## - PHYSICAL DESCRIPTION
Extent 237 páginas ;
Dimensions 22 cm.
336 ## - CONTENT TYPE
Content type term texto
Source rdacontent
337 ## - MEDIA TYPE
Media type term sin mediación
Source rdamedia
338 ## - CARRIER TYPE
Carrier type term volumen
Source rdacarrier
650 #4 - SUBJECT ADDED ENTRY--TOPICAL TERM
Topical term or geographic name entry element Mercadeo
Geographic subdivision Latinoamerica
650 #4 - SUBJECT ADDED ENTRY--TOPICAL TERM
Topical term or geographic name entry element Mercadeo en internet
650 #4 - SUBJECT ADDED ENTRY--TOPICAL TERM
Topical term or geographic name entry element Mercadeo de servicios
700 1# - ADDED ENTRY--PERSONAL NAME
Personal name Kassouf Pizzinatto, Andrea,
Relator term autor
Existencias
Withdrawn status Lost status Source of classification or shelving scheme Damaged status Not for loan Collection code Home library Current library Shelving location Date acquired Source of acquisition Inventory number Total Checkouts Full call number Barcode Date last seen Price effective from Koha item type
    Dewey Decimal Classification     General Biblioteca Karol Wojtyla Biblioteca Karol Wojtyla Sala general 13/07/2016 Compra 151000000000000000026696   658.802 KAS 2015 95992 05/01/2026 09/02/2017 Libro